000 00940nam0a22002771 4500
001 rc\25273
005 20021216123722.6
010 _a5-211-01623-8
_9925
035 _a(NLR Aleph) 005312307
090 _a6399127
_c6399127
100 _a20021216d1992 u |0rusy50 ca
101 0 _arus
102 _aRU
105 _aa |||||||||
200 1 _aГеография лавин
_f[Т.Г. Глазовская, С.М. Мягков, В.Ф. Околов и др.]
_gПод ред. С.М. Мягкова, Л.А. Канаева
210 _aМ.
_cМГУ
_d1992
215 _a330, [2] с.
_cил., карт.
_d22
300 _aАвт. указаны на 5-й с.
320 _aБиблиогр.: с. 329-331
701 1 _aГлазовская
_bТ. Г.
702 1 _aМягков
_bС. М.
_gСергей Михайлович
_4340
801 0 _aRU
_bNLR
_gpsbo
801 1 _aRU
_bELAR
_2rusmarc
852 _aNLR
_j92-5/1691
942 _cBOOK
980 _aNB